000 00599nam a2200133Ia 4500
008 100328s9999 xx 000 0 und d
082 _b27113
100 _aपरांजपे कल्पना
245 _aमराठी सामाजिक नाटक आणि स्त्री समस्या
260 _bगंार्ववेद
630 _aमराठी सामाजिक नाटक आणि स्त्री समस्या
730 _aमराठी सामाजिक नाटक आणि स्त्री समस्या
942 _cBOOK
999 _c519178
_d519175